000 01060nam a2200325 i 4500
001 bg
100 1 _aICKIEWICZ, Irena.
245 1 0 _aFizyka budowli :
_bwybrane zagadnienia /
_cIrena Ickiewicz, Wiesław Sarosiek, Jerzy Ickiewicz ; Politechnika Białostocka.
250 _aWyd. 2 popr. i rozsz.
260 _aBiałystok :
_bDział Wydawnictw i Poligrafii PB,
_c2000.
300 _a211 s. :
_bil., mapa ;
_c23 cm.
504 _aBibliogr. przy rozdz.
650 9 _aAkustyka budowlana
650 9 _aBiometeorologia
650 9 _aKonstrukcje budowlane
_xfizyka
650 9 _aMateriały budowlane
_xfizyka
650 9 _aPrzewodnictwo cieplne
_xbudownictwo
650 9 _aWilgotność
_xbudownictwo
655 _aPodręczniki akademickie
700 1 _aSAROSIEK, Wiesław
700 1 _aICKIEWICZ, Jerzy
_d(1949- )
710 0 _aPolitechnika Białostocka
020 _a838822915X
040 _cBPK
041 0 _apl
080 _a69:534.8:536:551.58](075.8)
920 _a83-88229-15-X
942 _cKS
008 s pl f |000 0 pol
999 _c40019
_d40019
856 _uhttp://koha.tu.koszalin.pl/cgi-bin/koha/opac-detail.pl?biblionumber=40019
_yKatalog online BPK